A DISTRIBUTED DI-CALCULUS / (Record no. 587230)

000 -LEADER
fixed length control field 00310nam a22001217a 4500
040 ## - CATALOGING SOURCE
Transcribing agency FIZZA ISHAQ
082 ## - DEWEY DECIMAL CLASSIFICATION NUMBER
Classification number 004.30
Author Mark MAT
100 ## - MAIN ENTRY--PERSONAL NAME
Personal name HEMERY, MATTHEW.
9 (RLIN) 86074
245 ## - TITLE STATEMENT
Title A DISTRIBUTED DI-CALCULUS /
Statement of responsibility, etc. MATTHEW HEMERY.
260 ## - PUBLICATION, DISTRIBUTION, ETC.
Place of publication, distribution, etc. NEW YORK :
Name of publisher, distributor, etc. COMBRIDGE,
Date of publication, distribution, etc. 2007.
300 ## - PHYSICAL DESCRIPTION
Extent 259 P. ;
942 ## - ADDED ENTRY ELEMENTS (KOHA)
Source of classification or shelving scheme
Koha item type Book
Holdings
Withdrawn status Lost status Source of classification or shelving scheme Damaged status Not for loan Permanent Location Current Location Date acquired Total Checkouts Full call number Date last seen Copy number Price effective from Koha item type
          NUST Baluchistan Campus (NBC) NUST Baluchistan Campus (NBC) 12/08/2021   004.30 MAT 12/08/2021 Q-2130 12/08/2021 Book
© 2023 Central Library, National University of Sciences and Technology. All Rights Reserved.